000 00950nam a2200265Ia 4500
003 OSt
005 20221005111154.0
006 a|||||r|||| 00| 0
007 ta
008 221004b |||||||| |||| 00| 0 hin d
020 _a8170557399 (hbk)
_c395
024 _a11058
037 _b330, 20/03/2014, Vani Prakashan
_cTextual
040 _aCRL
_cCRL
_bhin
041 _2hin
_ahin
082 _aO152,3:g, K8;Q3
100 _aयादव, राजेन्द्र
245 0 _aकहानी स्वरूप और संवेदना
246 _aKahānī svarūp aur sanvedanā
260 _aनई दिल्ली
_bवाणी प्रकाशन भारत
_c2013
300 _a239पृ0
_ccm.
650 _aहिन्दी साहित्य
942 _hO152,3:g, K8;Q3
_cTEXL
_2cc
999 _c1021036
_d1021036